000 01225cam a22003377a 4500
003 CHAP
005 20220329142453.0
008 010518d2000 mx r 00110 spa d
010 _a83934
011 _a84906
035 _a95432
040 _cCHAP
090 _aTesis
100 0 0 _aAlbores Grajales, Victor Hugo.
_93506
245 1 0 _aCereales en la propagación masiva del hongo entomopatógeno Beauveria bassiana (Bals.) Vuill en condiciones de laboratorio
_c/por Victor Hugo Albores Grajales
260 _aHuehuetán, Chis. :
_bEl autor,
_c2000.
300 _a44 h. ;
_btablas
502 _aTesis (Ing. Agr. Parasitólogo) -- Universidad Autónoma de Chiapas. Facultad de Ciencias Agrícolas Campus IV
590 _aALEPH
_b10
_c20130110
_lUCH01
_h1442
590 _aBATCH-UPD
_b10
_c20130110
_lUCH01
_h0641
590 _aBATCH-UPD
_b10
_c20130410
_lUCH01
_h0325
590 _aBATCH-UPD
_b10
_c20130913
_lUCH01
_h2348
590 _aCONVERSION
_b10
_c20130109
_lUCH01
_h1347
650 1 4 _aBeauveria bassiana.
_911099
650 1 4 _aCereales.
_921370
650 1 4 _aHongos entomógenos.
_956131
901 _aBK
905 _aMayto Viullalobos S.
942 _cTESIS
949 _aTesis
_bBC
_cTES
_d954321
_eTS1
_h38083
_i95432
_sb
999 _c83934
_d83934